Histoires des mots : etymologies europeennes
Αποθηκεύτηκε σε:
| Κύριος συγγραφέας: | |
|---|---|
| Μορφή: | Βιβλίο |
| Γλώσσα: | French |
| Δημοσίευση: |
Paris :
Payot,
1993
|
| Σειρά: | Documents Payot
|
| Θέματα: | |
| Ετικέτες: |
Προσθήκη ετικέτας
Δεν υπάρχουν, Καταχωρήστε ετικέτα πρώτοι!
|
MARC
| LEADER | 00000nam a2200000 i 4500 | ||
|---|---|---|---|
| 001 | 1/102002 | ||
| 008 | 951009s1993 fre d | ||
| 020 | |a 2-228-88603-3 | ||
| 035 | |l 10012332 | ||
| 040 | |a GR-MY-UA |b gre |e aacr | ||
| 041 | 0 | |a fre | |
| 082 | 0 | |a 410.1 | |
| 100 | 1 | |a Calvet, Louis Jean |d 1942- | |
| 245 | 1 | 0 | |a Histoires des mots : |b etymologies europeennes / |c Louis-Jean Calvet |
| 260 | |a Paris : |b Payot, |c 1993 | ||
| 300 | |a 217 p. |b fig. | ||
| 490 | 1 | |a Documents Payot | |
| 650 | 0 | 0 | |a Indo-European languages |x Etymology. |
| 830 | 0 | |a Documents Payot | |
| 852 | |a INST |b LESVOS |e 19951009 |h 410.1 CAL |p 005100009578 |q 005100009578 |t BK |y 0 | ||
| 909 | |a Λ |b 041293 | ||
| 922 | |a 1ΕΛΗ |b 199505 |c ΔΕΛΒΕΡΟΥΔΗ | ||
| 950 | |a 140-1995-02-23 | ||